music trivia: 2008 songs and artists - Statistics

General Stats
  • This quiz has been taken 300 times
    285 since last reset
  • The average score is 6 of 15
Answer Stats
I'll give you the 2008 song... ...and you give me the artist or band that did it % Correct
Viva la Vida Coldplay
97%
I Kissed a Girl Katy Perry
96%
Use Somebody Kings of Leon
59%
Paper Planes M.I.A.
59%
Our Song Taylor Swift
56%
Electric Feel MGMT
37%
Mercy Duffy
36%
That's Not My Name The Ting Tings
32%
All Summer Long Kid Rock
31%
A-Punk Vampire Weekend
19%
Pork and Beans Weezer
17%
Love Song Sara Bareilles
16%
White Winter Hymnal Fleet Foxes
10%
Please Read the Letter Robert Plant & Alison Krauss
3%
Salute Your Solution The Raconteurs
3%
No matching quizzes found
Score Distribution
Percent of People with Each Score
Percentile by Number Answered
Your Score History
You have not taken this quiz since the last reset